000 00619nam a2200229Ia 4500
003 OSt
005 20221007074130.0
006 a|||||r|||| 00| 0
007 ta
008 221006b |||||||| |||| 00| 0 eng d
024 _a20,619
037 _cTextual
040 _aFLL
_cFLL
_beng
041 _2eng
_aeng
082 _aZ2y7k, G0.1
100 _aGopalakrishna T. P.
_9692549
245 0 _aEncyclopaedia of Indian case-law
260 _aMadras
_bGlobe Publishing Co. India
_c1930
300 _a992p
_ccm.
942 _hZ2y7k, G0.1
_cTEXL
_2CC
999 _c1151269
_d1151269